<?xml version="1.0" encoding="UTF-8"?>
<collection xmlns="http://www.loc.gov/MARC21/slim">
 <record>
  <leader>00963nta a2200193 i 4500</leader>
  <controlfield tag="001">dipl59308</controlfield>
  <controlfield tag="005">20220406085942.0</controlfield>
  <controlfield tag="008">220303s2015    hu      om    0||   zxx d</controlfield>
  <datafield tag="040" ind1=" " ind2=" ">
   <subfield code="a">SZTE Diploma Repozitórium</subfield>
   <subfield code="b">hun</subfield>
  </datafield>
  <datafield tag="041" ind1=" " ind2=" ">
   <subfield code="a">zxx</subfield>
  </datafield>
  <datafield tag="100" ind1="2" ind2=" ">
   <subfield code="a">Mezeiné Szegedi Erzsébet</subfield>
  </datafield>
  <datafield tag="245" ind1="1" ind2="0">
   <subfield code="a">&quot;Évszaknapok - projektnapok&quot; innováció a Mezőberényi Általános Iskolában </subfield>
   <subfield code="h">[elektronikus dokumentum] :</subfield>
   <subfield code="b">egy innováció értékelése és tanulságai - vezetői szemszögből (esettanulmány) /</subfield>
   <subfield code="c">Erzsébet Mezeiné Szegedi</subfield>
  </datafield>
  <datafield tag="246" ind1="1" ind2="0">
   <subfield code="a">&quot;Season Days - Project Days&quot; innovation in the Mezőberény Primary School Evaluation and Moral of Innovation - From Managerial Perspective</subfield>
   <subfield code="h">[elektronikus dokumentum]</subfield>
  </datafield>
  <datafield tag="260" ind1=" " ind2=" ">
   <subfield code="c">2015</subfield>
  </datafield>
  <datafield tag="650" ind1=" " ind2="4">
   <subfield code="a">Bölcsészettudományok</subfield>
  </datafield>
  <datafield tag="650" ind1=" " ind2="4">
   <subfield code="a">Social sciences</subfield>
  </datafield>
  <datafield tag="650" ind1=" " ind2="4">
   <subfield code="a">Educational sciences</subfield>
  </datafield>
  <datafield tag="700" ind1="1" ind2=" ">
   <subfield code="a">Cseh Györgyi Lenke</subfield>
   <subfield code="e">ths</subfield>
  </datafield>
  <datafield tag="856" ind1="4" ind2="0">
   <subfield code="u">http://diploma.bibl.u-szeged.hu/id/eprint/59308/1/2015_mezeine_szegedi_erzsebet.pdf</subfield>
   <subfield code="z">Dokumentum-elérés </subfield>
  </datafield>
 </record>
</collection>
